[Event "Ruhrgebiet Verbandsklasse Gruppe 3 1819"]
[Site "Nordrheinwestfalen"]
[Date "2019.03.24"]
[Round "8.8"]
[White "Schroelkamp, Carsten"]
[Black "Kraska, Erwin"]
[Result "1-0"]
[WhiteElo "1622"]
[BlackElo "1535"]
[PlyCount "63"]
[EventDate "2018.09.23"]
[EventType "team-tourn"]
[EventRounds "9"]
[EventCountry "GER"]
[SourceTitle "EXT 2022"]
[Source "ChessBase"]
[SourceDate "2021.10.06"]
[SourceVersion "1"]
[SourceVersionDate "2021.10.06"]
[SourceQuality "1"]
[WhiteTeam "Brackel SF IV"]
[BlackTeam "Muelheim Nord IV"]
[WhiteTeamCountry "GER"]
[BlackTeamCountry "GER"]

1. Nf3 g6 2. g3 Bg7 3. Bg2 Nf6 4. 0-0 0-0 5. d4 d6 6. c4 Nbd7 7. Nc3 c6 8. b4 a5 9. b5 Nb6 10. bxc6 bxc6 11. Nd2 d5 12. c5 Nbd7 13. f4 Ng4 14. Nf3 Nxc5 15. h3 Nh6 16. Ne5 Ne6 17. Nxc6 Qd6 18. Ne5 Nc7 19. e4 Ba6 20. Re1 f6 21. Nf3 Rab8 22. exd5 f5 23. Qa4 Nxd5 24. Nxd5 Qxd5 25. Rxe7 Bb5 26. Qd1 Rfe8 27. Rxe8+ Rxe8 28. Ne5 Qd6 29. Qb3+ Kh8 30. Qxb5 Qxd4+ 31. Kh2 Rc8 32. Bb2 1-0

[Event "Ruhrgebiet Verbandsklasse Gruppe 3 1819"]
[Site "Nordrheinwestfalen"]
[Date "2019.03.10"]
[Round "7.8"]
[White "Berke, Martin"]
[Black "Schroelkamp, Carsten"]
[Result "1-0"]
[WhiteElo "1744"]
[BlackElo "1622"]
[PlyCount "29"]
[EventDate "2018.09.23"]
[EventType "team-tourn"]
[EventRounds "9"]
[EventCountry "GER"]
[SourceTitle "EXT 2022"]
[Source "ChessBase"]
[SourceDate "2021.10.06"]
[SourceVersion "1"]
[SourceVersionDate "2021.10.06"]
[SourceQuality "1"]
[WhiteTeam "Welper SV II"]
[BlackTeam "Brackel SF IV"]
[WhiteTeamCountry "GER"]
[BlackTeamCountry "GER"]

1. e4 c6 2. d4 d5 3. e5 Bf5 4. Nf3 e6 5. Be2 c5 6. c4 cxd4 7. Nxd4 Bb4+ 8. Nc3 Ne7 9. 0-0 Bg6 10. cxd5 Bxc3 11. Bb5+ Kf8 12. bxc3 Nxd5 13. Qf3 Qh4 14. Nxe6+ Kg8 15. Qxd5 1-0

[Event "Ruhrgebiet VK3 1213"]
[Site "Nordrheinwestfalen"]
[Date "2013.04.28"]
[Round "9"]
[White "Blank, Stephan"]
[Black "Schroelkamp, Carsten"]
[Result "1-0"]
[WhiteElo "1849"]
[BlackElo "1529"]
[PlyCount "69"]
[EventDate "2012.09.02"]
[EventType "team-tourn"]
[EventRounds "9"]
[EventCountry "GER"]
[SourceTitle "EXT 2020"]
[Source "ChessBase"]
[SourceDate "2019.10.17"]
[SourceVersion "1"]
[SourceVersionDate "2019.10.17"]
[SourceQuality "1"]
[WhiteTeam "Essen Werden"]
[BlackTeam "Brackel SF III"]
[WhiteTeamCountry "GER"]
[BlackTeamCountry "GER"]

1. e4 c6 2. Nc3 d5 3. d4 dxe4 4. Nxe4 Bf5 5. Ng3 Bg6 6. Nf3 Nf6 7. Bc4 Nbd7 8. 0-0 e6 9. Re1 Bd6 10. c3 Qc7 11. Bd3 0-0-0 12. a4 h5 13. Bxg6 fxg6 14. Ng5 Bxg3 15. hxg3 Nf8 16. Bf4 Qd7 17. Qe2 Re8 18. Qe5 Kd8 19. Qb8+ Ke7 20. Qxa7 h4 21. Re2 hxg3 22. fxg3 Rh5 23. Qc5+ Kd8 24. Rae1 N6h7 25. Qb6+ Ke7 26. Nf3 Ra8 27. Qb4+ Kf6 28. Bd6 Rd5 29. Be5+ Kf7 30. c4 Rda5 31. b3 b5 32. axb5 cxb5 33. Bd6 bxc4 34. bxc4 Ra4 35. Ne5+ 1-0

[Event "GER-chT U20"]
[Site "Kelheim"]
[Date "2007.12.27"]
[Round "1.6"]
[White "Bohne, Alexander"]
[Black "Schroelkamp, Carsten"]
[Result "1-0"]
[WhiteElo "1394"]
[BlackElo "1728"]
[PlyCount "143"]
[EventDate "2007.12.27"]
[EventType "team-swiss"]
[EventRounds "7"]
[EventCountry "GER"]
[SourceTitle "EXT 2022"]
[Source "ChessBase"]
[SourceDate "2021.10.06"]
[SourceVersion "1"]
[SourceVersionDate "2021.10.06"]
[SourceQuality "1"]
[WhiteTeam "Leipzig Gohlis U20"]
[BlackTeam "Brackel SF U20"]
[WhiteTeamCountry "GER"]
[BlackTeamCountry "GER"]

1. d4 d5 2. c4 c6 3. Nf3 Nf6 4. Nc3 Bf5 5. Bf4 Nbd7 6. cxd5 Nxd5 7. Nxd5 cxd5 8. Qb3 Qb6 9. Qxb6 Nxb6 10. e3 Rc8 11. Bb5+ Nd7 12. 0-0 Kd8 13. Rac1 Nb6 14. Rxc8+ Nxc8 15. Rc1 Nd6 16. Ng5 Bg6 17. Bxd6 exd6 18. Ba4 Be7 19. Nh3 Be4 20. f3 Bf5 21. Nf4 Bg5 22. Nxd5 Be6 23. f4 Bxd5 24. fxg5 Rf8 25. a3 a6 26. Bc2 Re8 27. Kf2 Kd7 28. Bf5+ Be6 29. Be4 d5 30. Bf3 Kd6 31. Rc5 b6 32. Rc3 Bf5 33. b4 Re6 34. Be2 b5 35. Rc8 Rxe3 36. Rd8+ Ke7 37. Kxe3 Kxd8 38. Bf3 Be6 39. Kf4 f6 40. Bd1 Ke7 41. Bc2 h6 42. gxh6 gxh6 43. Bg6 Kf8 44. h4 Kg7 45. Bf5 Kf7 46. g4 Ke7 47. Bg6 Bd7 48. g5 hxg5+ 49. hxg5 fxg5+ 50. Kxg5 Be6 51. Bh7 Bh3 52. Kf4 Kd6 53. Bf5 Bg2 54. Bc8 Kc6 55. Ke5 Bf3 56. Bf5 Bg2 57. Ke6 Bf3 58. Ke7 Kc7 59. Bd7 Be4 60. Be8 Bg2 61. Ke6 Bf3 62. a4 bxa4 63. Bxa4 Be4 64. Bd1 Kc6 65. Be2 Kb6 66. Kd6 a5 67. bxa5+ Kxa5 68. Kc5 Ka4 69. Ba6 Ka5 70. Bb7 Bf3 71. Bxd5 Bxd5 72. Kxd5 1-0

[Event "Dortmund op-B"]
[Site "Dortmund"]
[Date "2005.07.14"]
[Round "6"]
[White "Schmitz, Christian"]
[Black "Schroelkamp, Carsten"]
[Result "1/2-1/2"]
[WhiteElo "1669"]
[BlackElo "1466"]
[PlyCount "78"]
[EventDate "2005.07.08"]
[EventType "swiss"]
[EventRounds "9"]
[EventCountry "GER"]
[SourceTitle "CBM 107 Extra"]
[Source "ChessBase"]
[SourceDate "2005.09.01"]
[SourceVersion "1"]
[SourceVersionDate "2005.09.01"]
[SourceQuality "1"]

1. d4 c6 2. c4 d5 3. Nc3 Nf6 4. Bg5 Nbd7 5. e3 e6 6. cxd5 exd5 7. Bd3 Bd6 8. Rc1 0-0 9. Nge2 Qc7 10. Nb5 Qa5+ 11. Nbc3 Qc7 12. h3 h6 13. Bh4 Nh7 14. 0-0 Ndf6 15. Bxh7+ Nxh7 16. Nxd5 Qa5 17. Ndc3 Qh5 18. Bg3 Be7 19. Nf4 Qg5 20. e4 Rd8 21. d5 cxd5 22. Ncxd5 Bf8 23. h4 Qe5 24. Ng6 Qe6 25. Nxf8 Nxf8 26. Qf3 Qg4 27. Ne7+ Kh7 28. Qxf7 Be6 29. Qf4 Qxf4 30. Bxf4 Bxa2 31. Rc7 Ne6 32. Nf5 Nxc7 33. Bxc7 Rd7 34. Ba5 g6 35. Ng3 Rf8 36. Bb4 Rf4 37. Ra1 Bc4 38. f3 a6 39. h5 Rf6 1/2-1/2

[Event "Dortmund op-B"]
[Site "Dortmund"]
[Date "2004.07.29"]
[Round "7"]
[White "Schroelkamp, Carsten"]
[Black "Dicks, Friedrich"]
[Result "1/2-1/2"]
[WhiteElo "1168"]
[BlackElo "1506"]
[PlyCount "70"]
[EventDate "2004.07.??"]
[EventType "swiss"]
[EventRounds "9"]
[EventCountry "GER"]
[SourceTitle "EXT 2006"]
[Source "ChessBase"]
[SourceDate "2005.11.24"]
[SourceVersion "1"]
[SourceVersionDate "2005.11.24"]
[SourceQuality "1"]

1. Nf3 d6 2. g3 Nf6 3. Bg2 g6 4. 0-0 Bg7 5. c3 0-0 6. d4 Nbd7 7. Bg5 Re8 8. Nbd2 h6 9. Bxf6 Nxf6 10. Nc4 c6 11. Ne1 Be6 12. Nd2 Qd7 13. Nd3 g5 14. f3 Nd5 15. Rf2 Ne3 16. Qc1 Rac8 17. Bh1 Bh3 18. Ne4 Nf5 19. Bg2 Bxg2 20. Kxg2 b6 21. Rb1 d5 22. Nd2 Ne3+ 23. Kg1 e5 24. dxe5 Bxe5 25. Nf1 d4 26. Nxe5 Rxe5 27. cxd4 Qxd4 28. Nxe3 Rxe3 29. Qd1 Rd8 30. Qxd4 Rxd4 31. Kf1 c5 32. Ke1 Re8 33. Rd1 Red8 34. Rxd4 Rxd4 35. e3 Rd7 1/2-1/2